[Event "Mecklenburg VP VL 1718"]
[Site "Mecklenburg VP"]
[Date "2018.04.22"]
[Round "9.7"]
[White "Sager, Bernd"]
[Black "Schulze, Christoph"]
[Result "1-0"]
[WhiteElo "1818"]
[BlackElo "1613"]
[PlyCount "35"]
[EventDate "2017.10.08"]
[EventType "team-tourn"]
[EventRounds "9"]
[EventCountry "GER"]
[SourceTitle "EXT 2022"]
[Source "ChessBase"]
[SourceDate "2021.10.06"]
[SourceVersion "1"]
[SourceVersionDate "2021.10.06"]
[SourceQuality "1"]
[WhiteTeam "Rostock HSG Uni"]
[BlackTeam "Rostock SSC 07"]
[WhiteTeamCountry "GER"]
[BlackTeamCountry "GER"]

1. d4 d6 2. Nf3 Bg4 3. e3 Nf6 4. h3 Bh5 5. c4 Nbd7 6. Be2 e5 7. Nc3 c6 8. 0-0 e4 9. Nd2 Bxe2 10. Qxe2 d5 11. cxd5 cxd5 12. Qb5 a6 13. Qxb7 Rb8 14. Qxa6 Be7 15. Qe2 0-0 16. a3 Qa5 17. Rb1 Bxa3 18. Ra1 1-0

[Event "Mecklenburg VP VL 1718"]
[Site "Mecklenburg VP"]
[Date "2018.03.18"]
[Round "7.5"]
[White "Dettmann, Holger"]
[Black "Sager, Bernd"]
[Result "1-0"]
[WhiteElo "1915"]
[BlackElo "1818"]
[PlyCount "83"]
[EventDate "2017.10.08"]
[EventType "team-tourn"]
[EventRounds "9"]
[EventCountry "GER"]
[SourceTitle "EXT 2022"]
[Source "ChessBase"]
[SourceDate "2021.10.06"]
[SourceVersion "1"]
[SourceVersionDate "2021.10.06"]
[SourceQuality "1"]
[WhiteTeam "Guestrow/Teterow"]
[BlackTeam "Rostock HSG Uni"]
[WhiteTeamCountry "GER"]
[BlackTeamCountry "GER"]

1. d4 d5 2. Bf4 e6 3. e3 c5 4. c3 Nc6 5. Nf3 Nf6 6. Be2 Be7 7. Ne5 0-0 8. 0-0 Qb6 9. Qb3 Na5 10. Qxb6 axb6 11. Nd2 Nc6 12. a3 Nxe5 13. Bxe5 Ne8 14. e4 f6 15. Bg3 dxe4 16. Nc4 Bd8 17. dxc5 bxc5 18. Rad1 Bc7 19. Bxc7 Nxc7 20. Nb6 Rb8 21. f3 f5 22. fxe4 fxe4 23. Rxf8+ Kxf8 24. Rd8+ Ke7 25. Rxc8 Rxc8 26. Nxc8+ Kd7 27. Nb6+ Kc6 28. Nc4 b5 29. Ne3 c4 30. Kf2 Na6 31. Nc2 Nc5 32. Ke3 Na4 33. Nd4+ Kb6 34. Nxe6 Nxb2 35. Kxe4 Ka5 36. Kd4 Ka4 37. Nc7 h6 38. g4 g5 39. h3 Ka5 40. Ne8 Ka4 41. Nd6 Ka5 42. Bxc4 1-0

[Event "Mecklenburg VP VL 1718"]
[Site "Mecklenburg VP"]
[Date "2017.11.12"]
[Round "2.5"]
[White "Sager, Bernd"]
[Black "Kupfernagel, Michael"]
[Result "1/2-1/2"]
[WhiteElo "1818"]
[BlackElo "1935"]
[PlyCount "112"]
[EventDate "2017.10.08"]
[EventType "team-tourn"]
[EventRounds "9"]
[EventCountry "GER"]
[SourceTitle "EXT 2022"]
[Source "ChessBase"]
[SourceDate "2021.10.06"]
[SourceVersion "1"]
[SourceVersionDate "2021.10.06"]
[SourceQuality "1"]
[WhiteTeam "Rostock HSG Uni"]
[BlackTeam "Schwerin SF III"]
[WhiteTeamCountry "GER"]
[BlackTeamCountry "GER"]

1. d4 Nf6 2. Nf3 g6 3. g3 Bg7 4. Bg2 d6 5. 0-0 0-0 6. c4 Nbd7 7. Nc3 c5 8. d5 a6 9. Re1 Rb8 10. a4 Re8 11. e4 Ng4 12. Qc2 Nge5 13. Nd2 Ng4 14. h3 Ngf6 15. Kh2 b6 16. f4 Qc7 17. Nf3 e5 18. dxe6 Rxe6 19. Bd2 Bb7 20. Nd5 Bxd5 21. cxd5 Re7 22. Bc3 Rbe8 23. Nd2 Nxd5 24. Bxg7 Kxg7 25. Nc4 Nb4 26. Qc3+ Kg8 27. Rad1 Re6 28. Qd2 Rb8 29. Nxd6 Nf8 30. e5 b5 31. axb5 axb5 32. Ne4 Kg7 33. h4 Re7 34. Qc3 Rc8 35. Nd6 Rb8 36. Ne4 Ne6 37. Nd6 Nd4 38. h5 Nbc2 39. Re4 b4 40. Qc4 b3 41. Rf1 Rb4 42. Qd3 Rb6 43. f5 gxf5 44. Nxf5+ Nxf5 45. Rxf5 Nd4 46. Rg4+ Kh8 47. Rfg5 Re8 48. Be4 Rh6 49. Kg2 Rd8 50. Qf1 Qe7 51. Rg7 Rf8 52. R7g5 Ne6 53. Rf5 Nd4 54. Rfg5 Ne6 55. Rf5 Nd4 56. Rfg5 Ne6 1/2-1/2

[Event "Mecklenburg VP LL2 Ost 1617"]
[Site "Mecklenburg VP"]
[Date "2017.04.23"]
[Round "9.5"]
[White "Behrens, Christoph"]
[Black "Sager, Bernd"]
[Result "1/2-1/2"]
[WhiteElo "1583"]
[BlackElo "1795"]
[PlyCount "58"]
[EventDate "2016.10.16"]
[EventType "team-tourn"]
[EventRounds "9"]
[EventCountry "GER"]
[SourceTitle "EXT 2022"]
[Source "ChessBase"]
[SourceDate "2021.10.06"]
[SourceVersion "1"]
[SourceVersionDate "2021.10.06"]
[SourceQuality "1"]
[WhiteTeam "Bergen Rugia"]
[BlackTeam "Rostock HSG Uni"]
[WhiteTeamCountry "GER"]
[BlackTeamCountry "GER"]

1. e4 c5 2. Nf3 e6 3. Nc3 a6 4. d4 cxd4 5. Nxd4 Qc7 6. Qf3 Nc6 7. Nxc6 bxc6 8. Bd3 d5 9. 0-0 Bd6 10. g3 Ne7 11. Ne2 Ng6 12. exd5 cxd5 13. Bxg6 hxg6 14. Qc3 Bb7 15. Qxc7 Bxc7 16. Re1 Bc6 17. Bf4 Ba5 18. c3 0-0 19. Nd4 Bb7 20. Rad1 Rfe8 21. Rd3 Rac8 22. b4 Bb6 23. Nb3 f6 24. Be3 Bd8 25. Nc5 Bc6 26. Rb1 Bb5 27. Rd2 Kf7 28. a4 Bc4 29. Nb7 Be7 1/2-1/2

[Event "WchT Seniors 50"]
[Site "Radebeul"]
[Date "2016.07.04"]
[Round "9.27"]
[White "Sager, Bernd"]
[Black "Battsengel, Shirchin"]
[Result "1/2-1/2"]
[WhiteElo "1901"]
[BlackElo "1956"]
[PlyCount "59"]
[EventDate "2016.06.26"]
[EventType "team-swiss"]
[EventRounds "9"]
[EventCountry "GER"]
[SourceTitle "CBM 173 Extra"]
[Source "ChessBase"]
[SourceDate "2016.08.29"]
[SourceVersion "1"]
[SourceVersionDate "2016.08.29"]
[SourceQuality "1"]
[WhiteTeam "Mecklenburg Vorpommern"]
[BlackTeam "Mongolia (Women)"]
[WhiteTeamCountry "GER"]
[BlackTeamCountry "MGL"]

1. e4 c5 2. Nf3 Nc6 3. d4 cxd4 4. Nxd4 Nf6 5. Nc3 g6 6. Be2 Bg7 7. Be3 0-0 8. 0-0 d5 9. Nxc6 bxc6 10. e5 Nd7 11. f4 e6 12. Na4 Qa5 13. Qd4 Rb8 14. b3 f6 15. Qxa7 Qxa7 16. Bxa7 Ra8 17. Be3 fxe5 18. fxe5 Bxe5 19. Rxf8+ Kxf8 20. Rf1+ Kg7 21. Bg4 Nf6 22. Bh3 Ne4 23. Nb6 Rxa2 24. Nxc8 Rxc2 25. Bxe6 Re2 26. Rf7+ Kh8 27. Rf8+ Kg7 28. Rf7+ Kh8 29. Rf8+ Kg7 30. Rf7+ 1/2-1/2

[Event "WchT Seniors 50"]
[Site "Radebeul"]
[Date "2016.07.01"]
[Round "6.23"]
[White "Skibbe, Diana"]
[Black "Sager, Bernd"]
[Result "1/2-1/2"]
[WhiteElo "2071"]
[BlackElo "1901"]
[PlyCount "67"]
[EventDate "2016.06.26"]
[EventType "team-swiss"]
[EventRounds "9"]
[EventCountry "GER"]
[SourceTitle "CBM 173 Extra"]
[Source "ChessBase"]
[SourceDate "2016.08.29"]
[SourceVersion "1"]
[SourceVersionDate "2016.08.29"]
[SourceQuality "1"]
[WhiteTeam "Germany (Women) II"]
[BlackTeam "Mecklenburg Vorpommern"]
[WhiteTeamCountry "GER"]
[BlackTeamCountry "GER"]

1. e4 c5 2. Nf3 e6 3. d4 cxd4 4. Nxd4 a6 5. Nc3 Nc6 6. Be2 Qc7 7. Be3 Bb4 8. 0-0 Nf6 9. Bf3 Ne5 10. Bd2 Be7 11. Be2 0-0 12. Kh1 Nc4 13. Bc1 b5 14. a3 Bb7 15. Bd3 d5 16. exd5 Nxd5 17. Nxd5 Bxd5 18. Qh5 g6 19. Qh3 Bf6 20. c3 Rfd8 21. Be2 Rd7 22. b3 Na5 23. b4 Nb3 24. Nxb3 Bxb3 25. Qf3 Qd8 26. Bh6 Bd5 27. Qe3 Rc8 28. Rac1 Rdc7 29. Qb6 Bg5 30. Bxg5 Qxg5 31. f3 Rc6 32. Qd4 Bc4 33. f4 Qe7 34. Bxc4 1/2-1/2

[Event "WchT Seniors 50"]
[Site "Radebeul"]
[Date "2016.06.30"]
[Round "5.2"]
[White "Freter, Anke"]
[Black "Sager, Bernd"]
[Result "1/2-1/2"]
[WhiteElo "1865"]
[BlackElo "1901"]
[PlyCount "46"]
[EventDate "2016.06.26"]
[EventType "team-swiss"]
[EventRounds "9"]
[EventCountry "GER"]
[SourceTitle "CBM 173 Extra"]
[Source "ChessBase"]
[SourceDate "2016.08.29"]
[SourceVersion "1"]
[SourceVersionDate "2016.08.29"]
[SourceQuality "1"]
[WhiteTeam "Norderstedt"]
[BlackTeam "Mecklenburg Vorpommern"]
[WhiteTeamCountry "GER"]
[BlackTeamCountry "GER"]

1. e4 c5 2. Nf3 d6 3. d4 cxd4 4. Nxd4 Nf6 5. Nc3 a6 6. Bc4 e6 7. Bg5 Be7 8. f3 Qc7 9. Bb3 Bd7 10. Qd2 Nc6 11. 0-0-0 b5 12. Bxf6 gxf6 13. Nce2 Ne5 14. Qh6 a5 15. Qh5 a4 16. Bxe6 Bxe6 17. Nxe6 Qc4 18. N6d4 Qxa2 19. Nc3 Qa1+ 20. Kd2 Qxb2 21. Rb1 Nc4+ 22. Kd3 Ne5+ 23. Kd2 Nc4+ 1/2-1/2

[Event "WchT Seniors 50"]
[Site "Radebeul"]
[Date "2016.06.27"]
[Round "2.2"]
[White "Just, Joachim"]
[Black "Sager, Bernd"]
[Result "1/2-1/2"]
[WhiteElo "1926"]
[BlackElo "1901"]
[PlyCount "59"]
[EventDate "2016.06.26"]
[EventType "team-swiss"]
[EventRounds "9"]
[EventCountry "GER"]
[SourceTitle "CBM 173 Extra"]
[Source "ChessBase"]
[SourceDate "2016.08.29"]
[SourceVersion "1"]
[SourceVersionDate "2016.08.29"]
[SourceQuality "1"]
[WhiteTeam "Zeitz Schachfreunde"]
[BlackTeam "Mecklenburg Vorpommern"]
[WhiteTeamCountry "GER"]
[BlackTeamCountry "GER"]

1. Nf3 d5 2. g3 Nf6 3. Bg2 c5 4. d3 Nc6 5. 0-0 Bg4 6. Nbd2 e6 7. h3 Bh5 8. c3 Be7 9. Qc2 0-0 10. e4 Rc8 11. Re1 Re8 12. Nf1 Bf8 13. g4 Bg6 14. Ng3 Qc7 15. Bg5 Nd7 16. Nh4 d4 17. Nxg6 hxg6 18. Rad1 Bd6 19. Nf1 Be5 20. Bh4 Qa5 21. Bg3 Bf6 22. f4 dxc3 23. e5 Be7 24. bxc3 Nb6 25. Ne3 Red8 26. Kh2 Bf8 27. f5 gxf5 28. gxf5 exf5 29. Nxf5 Nd5 30. Rc1 1/2-1/2

[Event "Mecklenburg VP-ch MT"]
[Site "Greifswald"]
[Date "2016.04.30"]
[Round "6.1"]
[White "Schulz, Karsten"]
[Black "Sager, Bernd"]
[Result "1-0"]
[WhiteElo "2282"]
[BlackElo "1880"]
[PlyCount "51"]
[EventDate "2016.04.28"]
[EventType "swiss"]
[EventRounds "7"]
[EventCountry "GER"]
[SourceTitle "EXT 2023"]
[Source "ChessBase"]
[SourceDate "2022.10.05"]
[SourceVersion "1"]
[SourceVersionDate "2022.10.05"]
[SourceQuality "1"]

1. d4 d5 2. Bf4 e6 3. e3 c5 4. c3 Nf6 5. Nd2 Nc6 6. Ngf3 Nh5 7. Bg5 Qb6 8. Rb1 h6 9. Bh4 g5 10. Ne5 Nf6 11. Bg3 Nd7 12. h4 Ndxe5 13. dxe5 gxh4 14. Bxh4 Be7 15. Qh5 Qc7 16. Bg3 d4 17. Nc4 dxc3 18. bxc3 Bd7 19. Bh4 Bf8 20. Rh3 Nd8 21. Rg3 b5 22. Nd6+ Bxd6 23. exd6 Qa5 24. Bf6 Rf8 25. Qxh6 Qxa2 26. Qxf8+ 1-0

[Event "Mecklenburg VP LL2 West 1516"]
[Site "Mecklenburg VP"]
[Date "2016.02.21"]
[Round "6.3"]
[White "Schreiber, Nico"]
[Black "Sager, Bernd"]
[Result "1-0"]
[WhiteElo "1818"]
[BlackElo "1880"]
[PlyCount "67"]
[EventDate "2015.09.20"]
[EventType "team-tourn"]
[EventRounds "9"]
[EventCountry "GER"]
[SourceTitle "EXT 2022"]
[Source "ChessBase"]
[SourceDate "2021.10.06"]
[SourceVersion "1"]
[SourceVersionDate "2021.10.06"]
[SourceQuality "1"]
[WhiteTeam "Mecklenburger Springer SC"]
[BlackTeam "Rostock HSG Uni"]
[WhiteTeamCountry "GER"]
[BlackTeamCountry "GER"]

1. d4 d5 2. Nf3 Nf6 3. Bf4 e6 4. e3 c5 5. c3 Qb6 6. Qb3 c4 7. Qc2 Bd6 8. Ne5 Bxe5 9. Bxe5 Nbd7 10. Bg3 Ne4 11. b3 cxb3 12. axb3 Ndf6 13. Bd3 Bd7 14. Be5 Rc8 15. f3 Nd6 16. Bxd6 Qxd6 17. Rxa7 Qb6 18. Qa2 0-0 19. 0-0 Bc6 20. c4 e5 21. c5 Qc7 22. b4 exd4 23. exd4 Qf4 24. Qf2 Ra8 25. Rxa8 Rxa8 26. b5 Bd7 27. g3 Qc7 28. b6 Qc6 29. Nc3 Ra5 30. Qd2 Ra8 31. Re1 Be6 32. Nb5 h6 33. Nc7 Ra3 34. Bb5 1-0

[Event "Mecklenburg VP LL2 West 1516"]
[Site "Mecklenburg VP"]
[Date "2015.09.20"]
[Round "1.3"]
[White "Sager, Bernd"]
[Black "Gipp, Thomas"]
[Result "1/2-1/2"]
[WhiteElo "1756"]
[BlackElo "1847"]
[PlyCount "21"]
[EventDate "2015.09.20"]
[EventType "team-tourn"]
[EventRounds "9"]
[EventCountry "GER"]
[SourceTitle "EXT 2022"]
[Source "ChessBase"]
[SourceDate "2021.10.06"]
[SourceVersion "1"]
[SourceVersionDate "2021.10.06"]
[SourceQuality "1"]
[WhiteTeam "Rostock HSG Uni"]
[BlackTeam "Kuehlungsborn SV Empor"]
[WhiteTeamCountry "GER"]
[BlackTeamCountry "GER"]

1. e4 c5 2. Nf3 a6 3. c4 Nc6 4. d4 cxd4 5. Nxd4 d6 6. Nc3 g6 7. Be2 Bg7 8. Be3 Nf6 9. 0-0 0-0 10. h3 Bd7 11. Nf3 1/2-1/2

[Event "Mecklenburg VP VL 1314"]
[Site "Mecklenburg VP"]
[Date "2014.02.23"]
[Round "6.6"]
[White "Fidorra, Thomas"]
[Black "Sager, Bernd"]
[Result "0-1"]
[WhiteElo "1847"]
[BlackElo "1734"]
[PlyCount "44"]
[EventDate "2013.10.20"]
[EventType "team-tourn"]
[EventRounds "9"]
[EventCountry "GER"]
[SourceTitle "EXT 2022"]
[Source "ChessBase"]
[SourceDate "2021.10.06"]
[SourceVersion "1"]
[SourceVersionDate "2021.10.06"]
[SourceQuality "1"]
[WhiteTeam "Guestrow/Teterow"]
[BlackTeam "Rostock HSG Uni"]
[WhiteTeamCountry "GER"]
[BlackTeamCountry "GER"]

1. e4 c5 2. Nf3 d6 3. d4 cxd4 4. Nxd4 Nf6 5. Nc3 a6 6. Be2 e6 7. 0-0 Be7 8. Be3 0-0 9. f4 Qc7 10. Qe1 b5 11. Bf3 Bb7 12. e5 Ne8 13. Qg3 Nd7 14. Bxb7 Qxb7 15. Qg4 Nc5 16. Rf3 b4 17. Nce2 Qd5 18. Raf1 f5 19. Qh5 g6 20. Qh6 Rf7 21. h4 Bf8 22. Qg5 Ne4 0-1

[Event "Mecklenburg VP VL 1314"]
[Site "Mecklenburg VP"]
[Date "2013.12.15"]
[Round "4.6"]
[White "Birnbaum, Wolf Dieter"]
[Black "Sager, Bernd"]
[Result "1-0"]
[WhiteElo "1828"]
[BlackElo "1734"]
[PlyCount "81"]
[EventDate "2013.10.20"]
[EventType "team-tourn"]
[EventRounds "9"]
[EventCountry "GER"]
[SourceTitle "EXT 2022"]
[Source "ChessBase"]
[SourceDate "2021.10.06"]
[SourceVersion "1"]
[SourceVersionDate "2021.10.06"]
[SourceQuality "1"]
[WhiteTeam "Warnemuende SF Ostsee"]
[BlackTeam "Rostock HSG Uni"]
[WhiteTeamCountry "GER"]
[BlackTeamCountry "GER"]

1. Nf3 Nf6 2. g3 g6 3. Bg2 Bg7 4. 0-0 0-0 5. d4 d5 6. c4 c6 7. cxd5 cxd5 8. Nc3 e6 9. Ne5 Nbd7 10. Bg5 h6 11. Bf4 Nh5 12. Nxd7 Bxd7 13. Be5 Nf6 14. Na4 Bc6 15. Qb3 Qe7 16. Rac1 Rfc8 17. Rc2 Bf8 18. Rfc1 Nd7 19. Bf4 Qf6 20. e4 Qxd4 21. Be3 Qf6 22. exd5 exd5 23. Bxd5 Bxd5 24. Qxd5 Rxc2 25. Rxc2 Ne5 26. Kg2 Nc6 27. Qd7 Qe5 28. Nc3 Rd8 29. Qxb7 Nd4 30. Rd2 Rb8 31. Qxa7 Nc6 32. Qd7 Qe6 33. Qxe6 fxe6 34. Ne4 Bb4 35. Rc2 Ne7 36. Bxh6 Nd5 37. Bd2 Bf8 38. b3 Ra8 39. f4 Bb4 40. Nf6+ Kf7 41. Nxd5 1-0